On This Day (May 22nd) Multiple Choice - Statistics

General Stats
  • This quiz has been taken 11 times
  • The average score is 6 of 15
Answer Stats
Question Answer % Correct
2017 – Twenty-two people are killed at an Ariana Grande concert in which venue ? Manchester Arena
100%
1939 – World War II: Germany and Italy sign an agreement known as what ? Pact of Steel
89%
1819 – "SS Savannah" leaves port at Savannah, Georgia, United States, on a voyage to become the first steamship to do what ? Cross the Atlantic
67%
2015 – The Republic of Ireland becomes the first nation in the world to legalize what following a public referendum ? Gay Marriage
67%
1994 – A worldwide trade embargo against which country goes into effect to punish its military rulers for not reinstating the country's ousted elected leader ? Haiti
44%
1766 – A large earthquake causes heavy damage and loss of life in which region ? Marmara, Turkey
44%
1915 – Three trains collide, killing 227 people, in the Quintinshill rail disaster near which British town ? Gretna Green, Scotland
33%
1804 – The Lewis and Clark Expedition officially begins as the Corps of Discovery departs from where ? St. Charles, Missouri
33%
1762 – Which landmark is officially completed and inaugurated in Rome ? Trevi Fountain
33%
1849 – Future U.S. President Abraham Lincoln is issued a patent for an invention to do what task, making him the only U.S. President to ever hold a patent ? Lift Boats
22%
1968 – The nuclear-powered submarine USS Scorpion sinks with 99 men aboard, 400 miles southwest of which island group ? The Azores
22%
1848 – Slavery is abolished on which island ? Martinique
11%
1942 – Which country enters World War II, joining the Allies ? Mexico
11%
1957 – South Africa's government approves of racial separation in what type of institution ? Universities
11%
1987 – First ever Rugby World Cup kicks off with New Zealand playing which other nation at Eden Park in Auckland, New Zealand ? Italy
0%
No matching quizzes found
Score Distribution
Percent of People with Each Score
Percentile by Number Answered
Your Score History
You have not taken this quiz